| 000 | 00617cam a22002291 4500 | ||
|---|---|---|---|
| 001 | sa 65007191 | ||
| 003 | DLC | ||
| 005 | 20260227112148.0 | ||
| 008 | 890403s1958 xx a 000 0 dut | ||
| 010 | _asa 65007191 | ||
| 035 | _a(OCoLC)23422168 | ||
| 040 |
_aDLC _cMiU _dDLC |
||
| 042 | _apremarc | ||
| 043 | _aa-io--- | ||
| 050 | 0 | 0 |
_aDS644 _b.G64 |
| 110 | 2 | _aGondowarsito. | |
| 245 | 1 | 0 | _aBhinneka tunggal ika terbabar |
| 260 |
_aGombong, _bSabdopalon _c[1958?] |
||
| 300 |
_a130 p. _billus. (part col.) _c20 cm. |
||
| 650 | 0 |
_aNationalism _zIndonesia. |
|
| 700 | 1 |
_aSastrodipoero, R. Rasikoen, _ejoint author. |
|
| 999 |
_c65110 _d65110 |
||